000 00897nam a22002777i 4500
001 134573
003 ES-MaACL
005 20250831030833.0
007 t|
008 070912s1971 mx ||||0| spa d
040 _aM-BN
_bspa
_cM-BN
080 _a517.926
080 _a681.511.2
100 1 _aWiberg, Donald M.
_9116731
245 1 0 _aTeoría y problemas de espacio de estado y sistemas lineales /
_cpor Donald M. Wiberg ; traducción y adaptación, Edgar Pérez Ordóñez.
260 _aMéxico :
_bMcGraw-Hill,
_c[1971]
300 _a237 p.- :
_bil., gráf ;
_c28 cm.
490 1 _aSerie de compendios Schaum
500 _aIndice.
650 4 _aSistemas lineales.
_917141
650 1 7 _aMétodos del espacio de estado
_2embne
_915021
830 0 _aSerie de compendios Schaum
_9181142
852 _aES-MaACL
_jL-9580
_bR.111636
999 _c134573
_d134573